Food, energy, and society /

Guardado en:
Autor Principal: Pimentel, David, 1925-
Otros Autores: Pimentel, Marcia.
Formato: Libro
Idioma:English
Publicado: [London] : Edward Arnold, 1979.
Series:Resource and environmental sciences series
Materias:
Etiquetas: Agregar Etiqueta
Sin Etiquetas, Sea el primero en etiquetar este registro!
LEADER 00816pam a22002415a 4500
001 EIQ.libpla000116
008 790706s1979####enka#####b####001#0#eng#d
005 20060508184509.0
245 1 0 |a Food, energy, and society /  |c David Pimentel and Marcia Pimentel. 
260 |a [London] :  |b Edward Arnold,  |c 1979. 
300 |a viii, 165 p. :  |b il. ;  |c 22 cm. 
440 0 |a Resource and environmental sciences series 
504 |a Bibliografía: p. [151]-162. 
500 |a Incluye índice. 
020 |a 0713127619 
100 1 |a Pimentel, David,  |d 1925- 
700 1 |a Pimentel, Marcia. 
650 4 |a Agricultura  |x Consumo de energía. 
650 4 |a Alimentos  |x Oferta. 
650 4 |a Food  |x supply. 
650 0 |a Agriculture  |x Energy consumption. 
040 |a AR-BbSID  |b spa  |c AR-BbSID 
859 |a AR-BbSID  |b BIB. PLAPIQUI  |h 338.19  |i Pi 57  |p 392